Đang tải...

Manasaram /

Chi tiết về thư mục
Tác giả chính: Manasara
Ngôn ngữ:Undetermined
Được phát hành: 1953
LEADER 00348nam a2200121Ia 4500
001 30019
008 170722s9999 xx 000 0 und d
100 |a Manasara 
245 |a Manasaram / 
260 |c 1953 
942 |c GEN 
999 |c 15128  |d 15128 
952 |0 0  |1 0  |4 0  |6 NA_2X11_15G3_CR  |7 0  |9 17953  |a LIB  |b LIB  |d 2017-08-12  |o Na2x1,1 15G3 (CR)  |p 22410  |r 2017-08-12  |w 2017-08-12  |y GEN